00584 a2200181 4500010001400000020002300014035001300037037001500050082001100065100002700076245009200103250001200195260004900207270004500256300002800301500005100329700002200380 aENG-86974 a0070666911c275.00 aEN-70507 bDBAD / PUB14a657.481 aNeelkantan Ramchandran1 aFinancial accounting for management /cby Neelkantan Ramchandran [and] Ram Kumar Kakani a2nd ed aNew DelhibTata McGraw-Hill Publishingc2008 a7, West Patel Nagar,bNew Delhie110 008 axix, 624 pc24 cm (Pbk) aIncludes bibliographical references and index1 aKakani, Ram Kumar